00257nam a2200109Ia 4500008004100000100001700041245003800058250001100096260002400107300000800131650000800139191201s2011 xx 000 0 und d aKAHATE, Atul 0aCryptography and Network Security a12 Rep c2011bMGHaN. delhi a541 aCSE